000 00771nam a2200229 a 4500
001 49085
003 BD-RjU
005 20211209054631.0
008 160817s1970 bg ||||| |||| 00| p ben d
020 _c: Tk. 6.00
035 _a(BD-RjUL)49204
040 _aBD-RjUL
_bben
_cBD-RjUL
041 _aben
082 _223
_a891.441
_bKAP 1970
100 1 _aকায়কোবাদ
_9147619
245 1 0 _aপ্রেম-পারিজাত /
_cকায়কোবাদ
260 _aঢাকা :
_bপাকিস্তান বুক করপোরেশন,
_c১৯৬৯ (১৩৭৬)
300 _a২৮৫ পৃ. ;
_c২২ সেমি.
650 _aবাংলা কবিতা
_9147609
650 _aBengali Poetry
_9147610
942 _2ddc
_cBK
999 _c49085
_d49085